| 000 | 00779cam a2200205 4500 | ||
|---|---|---|---|
| 001 | 5186 | ||
| 005 | 20181127174955.0 | ||
| 008 | 980126s1999 nyuab b 001 0 eng | ||
| 010 | _a 98005347 | ||
| 020 | _a1559390905 (pbk.) | ||
| 043 | _aa-cc-ti | ||
| 100 | 1 |
_aNietupski, Paul Kocot, _d1950- |
|
| 245 | 1 | 0 |
_aLabrang : _ba Tibetan Buddhist monastery at the crossroads of four civilizations / _cby Paul Kocot Nietupski. |
| 260 |
_aIthaca, N.Y. : _bSnow Lion Publications, _cc1999. |
||
| 300 |
_a123 p. : _bill. (some col.), map ; _c20 x 24 cm. |
||
| 500 | _a""Photos from the Griebenow Archives, 1921-1949."" | ||
| 504 | _aIncludes bibliographical references (p. [119]-123) and index. | ||
| 610 | 2 | 0 | _aLabuleng si (Xiahe Xian, China) |
| 651 | 0 |
_aAmdo (China : Region) _xCivilization. |
|
| 999 |
_c4347 _d4347 |
||